Los seis libros de la república (Registro nro. 58593)

Detalles MARC
000 -ENCABEZADO
Número de control [NR] 01073nam a2200301Ia 4500
005 - FECHA Y HORA DE LA ÚLTIMA TRANSACCIÓN
control field 20211105120540.0
008 - DE LONGITUD FIJA DE DATOS DE ELEMENTOS - INFORMACIÓN GENERAL
Elementos de longitud fija [NR] 130821s2006 sp gr spa
020 ## - NUMERO INTERNACIONAL NORMALIZADO PARA LIBROS [R]
ISBN Cancelado/ Invalidado [R] 8430943676 (4a.Ed.)
020 ## - NUMERO INTERNACIONAL NORMALIZADO PARA LIBROS [R]
Número Internacional Normalizado del libro [NR] 9788430943678 (4a.Ed.)
020 ## - NUMERO INTERNACIONAL NORMALIZADO PARA LIBROS [R]
Número Internacional Normalizado del libro [NR] 843091241X (3a.Ed.)
040 ## - FUENTE DE CATALOGACION [NR]
Agencia de catalogación original [NR] Co-BoUCM
Idioma de catalogación [NR] spa
Quien Cataloga Saul Niño (Modificó)
Quien Clasifica Aldemar Mondragón (modificó)
041 10 - CODIGO DE IDIOMA [R]
Código de idioma para texto/pista de sonido o título separado [R] Español
100 1# - ASIENTO PRINCIPAL--NOMBRE PERSONAL [NR]
Nombre personal [NR] Bodin, Jean
Fechas asociadas con el nombre [NR] 1529-1596
ID Autoridad 45792
245 14 - MENCION DE TITULO [NR]
Título [NR] Los seis libros de la república
Mención de responsabilidad, etc. [NR] Jean Bodin ; selección, estudio preliminar y traducción de Pedro Bravo Gala
250 ## - MENCION DE EDICION [NR]
Mención de edición [NR] 4a ed
260 ## - PUBLICACION, DISTRIBUCION, ETC. (PIE DE IMPRENTA) [R]
Lugar de publicación, distribución, etc. [R] Madrid (España)
Nombre del editor, distribuidor, etc. [R] Tecnos
Fecha de publicación, distribución, etc. [R] 2006
300 ## - DESCRIPCION FISICA [R]
Extensión [R] 307 páginas
490 #0 - MENCION DE SERIE [R]
Mención de serie [R] Clásicos del Pensamiento
Designación numérica/secuencial del volumen [NR] 2
650 04 - ASIENTO SECUNDARIO DE MATERIA - TERMINO TEMATICO [R]
Término temático o nombre geográfico como elemento de entrada [NR] Ciencia política
9 (RLIN) 340
650 04 - ASIENTO SECUNDARIO DE MATERIA - TERMINO TEMATICO [R]
Término temático o nombre geográfico como elemento de entrada [NR] Filosofía política
9 (RLIN) 15841
650 04 - ASIENTO SECUNDARIO DE MATERIA - TERMINO TEMATICO [R]
Término temático o nombre geográfico como elemento de entrada [NR] Teoría del estado
9 (RLIN) 25310
650 04 - ASIENTO SECUNDARIO DE MATERIA - TERMINO TEMATICO [R]
Término temático o nombre geográfico como elemento de entrada [NR] Teoría política
9 (RLIN) 25330
690 ## - ASUNTO AGREGADO LOCAL DE ENTRADA - TÉRMINO TEMÁTICO (OCLC, RLIN)
Acceso temático local Ciencia política
9 (RLIN) 340
700 1# - ASIENTO SECUNDARIO - NOMBRE PERSONAL [R]
Nombre personal [NR] Bravo Gala, Pedro
9 (RLIN) 45793
Término de relación [R] traductor
765 ## - ASIENTO DE IDIOMA ORIGINAL [R]
Título [NR] Les Six Livres de la République
942 ## - ELEMENTOS DE ENTRADA AGREGADOS (KOHA)
Tipo de ítem principal el descrito en 300a Libro
Tema principal Ciencia política
Edición 4
Parte restante de la signatura top. B63
Sistema de clasificación DEWEY
Clasificación 321.07
Existencias
Fecha de último préstamo Total préstamos Total Renewals Signatura topográfica Código de barras Última vez visto Ejemplar Price effective from Tipo de ítem Perdido Sistema de clasificación Dañado No prestable Tipo de ítem específico Suprimido Ubicación habitual Ubicación actual Localización Fecha de creación Forma de adquisición Costo Volúmen / Fascículo Prestado Costo de reposición Proveedor
16/03/2016 80 2 321.07 B63 100020692 09/06/2026 Ej.1 03/02/2013 Libro   DEWEY     Libro   Claustro Claustro 3er piso 28/02/2003 Compra 34000.00        
11/10/2023 38 6 321.07 B63 100088007 09/06/2026 Ej.1 03/02/2013 Libro   DEWEY     Libro   Claustro Claustro 3er piso 30/09/2007   26000.00 3a. Ed.      
31/01/2019 1   321.07 B63 100095815 03/12/2025 Ej.1 03/02/2013 Libro de reserva   DEWEY     Libro de reserva   Claustro Claustro 3er piso 28/02/2013 Compra 86700.00 4a. Ed.      
11/10/2023 23 5 321.07 B63 100106427 03/12/2025 Ej.2 03/02/2013 Libro   DEWEY     Libro   Claustro Claustro 3er piso 30/09/2010 Compra 63000.00 4a. Ed.      
11/10/2023 3   321.07 B63 100154578 11/10/2023 Ej.5 24/10/2017 Libro   DEWEY     Libro   Claustro Claustro 3er piso 24/10/2017 Compra 72250.00 4a.Ed. 10/11/2023 72250.00 10